Francisci de Mendoc?a Olysiponensis, e´ Societate Iesv doctoris theologi, in Eborensi academia quondam sacrarum literarum interpretis, Commentariorum in IV. libros regvm Tomus tertius, Indicibus necessariis illustratus (Record no. 8654)

MARC details
000 -CABECERA
campo de control de longitud fija 01332nam a2200241 a 4500
001 - NÚMERO DE CONTROL
campo de control BRCA_9003
005 - FECHA Y HORA DE LA ÚLTIMA TRANSACCIÓN
campo de control 20190320210504.0
008 - DATOS DE LONGITUD FIJA--INFORMACIÓN GENERAL
campo de control de longitud fija 180717s1633----fr-#######---#000-0#lat-#
041 ## - CÓDIGO DE LENGUA
Código de lengua del texto/banda sonora o título independiente lat
044 ## - CÓDIGO DEL PAÍS DE LA ENTIDAD EDITORA/PRODUCTORA
Código MARC del país fr
084 ## - OTRO NÚMERO DE CLASIFICACIÓN
Número de clasificación CO6
Número de documento/Ítem .M46 1633
100 1# - ENTRADA PRINCIPAL--NOMBRE DE PERSONA
Nombre de persona Mendoza, Francisco de (S.I.)
Fechas asociadas al nombre 1572 - 1626
9 (RLIN) 22343
245 10 - MENCIÓN DE TÍTULO
Título Francisci de Mendoc?a Olysiponensis, e´ Societate Iesv doctoris theologi, in Eborensi academia quondam sacrarum literarum interpretis, Commentariorum in IV. libros regvm Tomus tertius, Indicibus necessariis illustratus
Resto del título Nunc secundo prodit.
260 ## - PUBLICACIÓN, DISTRIBUCIÓN, ETC.
Lugar de publicación, distribución, etc. Lugduni
Nombre del editor, distribuidor, etc. sumptib. Iacobi Cardon
Fecha de publicación, distribución, etc. 1633
300 ## - DESCRIPCIÓN FÍSICA
Extensión [31], 432 p. (t.3)
Dimensiones 35.5 x 24 cm
500 ## - NOTA GENERAL
Nota general Cum Privilegio Regú
500 ## - NOTA GENERAL
Nota general Con marca de fuego: “Procedencia de la marca: Seminario Conciliar de México. Institución: Seminario Conciliar de México. Descripción: Monograma que se desglosa como ´Seminario´. Ubicación de la marca en el libro: Canto superior”
500 ## - NOTA GENERAL
Nota general Estado físico: presenta encuadernación en pergamino con cantos decorados, presencia del pez de plata y carece de cintas
630 04 - PUNTO DE ACCESO ADICIONAL DE MATERIA--TÍTULO UNIFORME
Título uniforme Biblia
Nombre de parte o sección de la obra Antiguo testamento
Subdivisión de forma Comentarios
9 (RLIN) 22344
856 ## - LOCALIZACIÓN Y ACCESO ELECTRÓNICOS
Nombre del host http://www.marcasdefuego.buap.mx:8180/xmLibris/projects/firebrand/item.jsp?repository=marcas_de_fuego&key=3fc5759b.xml&num=0
902 ## - CATALOGADOR
Iniciales CFM
942 ## - ELEMENTOS DE PUNTO DE ACCESO ADICIONAL (KOHA)
Fuente del sistema de clasificación o colocación Library of Congress Classification
Tipo de ítem Koha Libros
Holdings
Estado de retiro Estado de pérdida Estado dañado No para préstamo Localización permanente Ubicación/localización actual Fecha de adquisición Total de préstamos Signatura topográfica completa Código de barras Fecha visto por última vez Precio válido a partir de Tipo de ítem Koha
El ejemplar forma parte de la colección y puede ser consultado según las políticas vigentes.       Biblioteca del Museo Franz Mayer (Rogerio Casas-Alatriste) Biblioteca del Museo Franz Mayer (Rogerio Casas-Alatriste) 18/07/2017   CO6 .M46 1633 CFM00286 22/03/2019 22/03/2019 Libros